Dnes sa uzatvárajú kandidátky na regionálne voľby silné koalície sú v jednotlivých krajoch ...

Bibliographic Details
Main Authors: Klesnilová, Alžbeta (Author), Bača, Ivan (Author), Angelovič, Marián (Author)
Format: Article
Language:Slovak
PhysicalDescription:Fotogr.
Subjects:

MARC

LEADER 00000nab a2200000 a 4500
001 vtls000774250
003 SK-MaSNL
005 20260302152429.0
008 040806c2001 xo 0 slo
015 |a SNBRB2001/11-32788 
035 |a CLN000126037 
040 |a SNKBUCL  |b slo  |c SNKBUCL  |e AACR2 
041 0 |a slo 
044 |a xo  |c SK 
080 |a 324(437.6):353.9  |2 UDC-MRF-SK2 
100 1 |a Klesnilová, Alžbeta  |4 aut  |9 838469 
245 1 0 |a Dnes sa uzatvárajú kandidátky na regionálne voľby  |b silné koalície sú v jednotlivých krajoch ...  |c Alžbeta Klesnilová, Ivan Bača, Marián Angelovič 
300 |b Fotogr. 
648 7 |a 2001  |2 snkbucl  |9 296180 
650 0 7 |a regionálne voľby  |z Slovensko  |y 2001  |2 snkbuc  |9 22029 
700 1 |a Bača, Ivan  |4 aut  |9 627875 
700 1 |a Angelovič, Marián  |4 aut  |9 435108 
773 0 |t Národná obroda  |g Roč. 12, č. 243 (22.10.2001), s. [9] 
850 |a Slovenská národná knižnica v Martine 
852 |a SNK  |b KIS3GCP 
999 |c 1362579  |d 1364509